|
|
|
|
| LEADER |
00000cam a2200000 a 4500 |
| 001 |
vtls001290943 |
| 003 |
SK-MaSNL |
| 005 |
20260302032708.0 |
| 008 |
240226s1997 xo p frp 000 0 slo |
| 015 |
|
|
|a SNBA1997/1002930
|
| 020 |
|
|
|a 8071373591
|
| 035 |
|
|
|a SNK000242603
|
| 035 |
|
|
|a urn:nbn:sk:snk-amtj7c
|
| 035 |
|
|
|a urn:nbn:sk:snk-am00c7gz
|
| 035 |
|
|
|a 03B3660B-89DE-403F-B5A6-897AF3B1A910
|
| 040 |
|
|
|a SNK
|b slo
|c SNK
|e AACR2
|
| 041 |
0 |
|
|a slo
|
| 044 |
|
|
|a xo
|c SK
|
| 080 |
|
|
|a 636.5(075.8)
|2 1981
|
| 100 |
1 |
|
|a Halaj, Martin,
|d 1933-
|4 aut
|9 210166
|
| 245 |
1 |
0 |
|a Technológia chovu hydiny
|b (Vybrané kapitoly)
|c M. Halaj, Ľ. Chmelničná, J. Weis
|
| 260 |
|
|
|a V Nitre
|b Slovenská poľnohospodárska univerzita
|c 1997
|
| 300 |
|
|
|a 112 s.
|b grafy, sch., tab.
|c 29 cm
|
| 366 |
|
|
|e 300 výt.
|
| 650 |
0 |
7 |
|a hydina
|2 SNKPH
|9 2747
|
| 650 |
0 |
7 |
|a chov hospodárskych zvierat
|2 SNKPH
|9 2802
|
| 655 |
|
7 |
|a učebnice vysokých škôl
|2 SNKPH
|9 70191
|
| 700 |
1 |
|
|a Chmelničná, Ľudmila,
|d 1943-
|4 aut
|9 108339
|
| 700 |
1 |
|
|a Weis, Ján,
|d 1952-
|4 aut
|9 209479
|
| 752 |
|
|
|a Nitra
|
| 919 |
|
|
|a 80-7137-359-1
|
| 958 |
|
|
|a TL
|
| 958 |
|
|
|a UV
|
| 999 |
|
|
|c 1057973
|d 1059903
|
| 952 |
|
|
|t P60, <09>, [BOOK], {629}
|a SNK
|b SNK
|y NEVYP
|7 0
|o snkB 756
|i snk2874/970623
|0 0
|1 0
|4 0
|d 1997-06-20
|l 0
|r 2005-01-02 00:00:00
|w 2026-02-24
|
| 952 |
|
|
|t P60, <03>, [BOOK], {603}
|a SNK
|b SNK
|y PREZ
|7 0
|p 17A0076491
|o snkSB 57240
|i snkKSP 6471/97
|0 0
|1 0
|4 0
|d 1997-06-20
|f 1
|l 0
|r 2025-04-09 00:00:00
|w 2026-02-24
|
| 952 |
|
|
|t P60, <04>, [BOOK], {604}
|a SNK
|b SNK
|y VYP
|7 0
|p 17A0076494
|o snkSB 57240 D1
|i snkKSP 6472/97
|0 0
|1 0
|4 0
|d 1997-06-20
|l 0
|r 2005-01-02 00:00:00
|w 2026-02-24
|